ASP 3.0 programmer's reference

Збережено в:
Бібліографічні деталі
Автори: Anderson, Richard (Автор), Denault, Dan (Автор), Francis, Brian (Автор), Gibbs, Matthew (Автор), Gregorini, Marco (Автор), Homer, Alex (Автор), McQueen, Craig (Автор), Robinson, Simon (Автор), Schenken, John (Автор), Williams, Kevin (Автор)
Формат: Книга
Мова:Англійська
Опубліковано: Chicago Wrox 2000
Предмети:
Теги: Додати тег
Немає тегів, Будьте першим, хто поставить тег для цього запису!

MARC

LEADER 00000nam a2200000 a 4500
001 UCM9395
003 CL-VaPUC
008 030425e20000000US |||||||||||||||||eng|d
082 0 4 |a 004.6  |b AND  |2 21 
100 0 |a Anderson, Richard  |e author  |9 475883 
700 0 |a Denault, Dan  |e author  |9 475884 
700 0 |a Francis, Brian  |e author  |9 475885 
700 0 |a Gibbs, Matthew  |e author  |9 475886 
700 0 |a Gregorini, Marco  |e author  |9 475887 
700 0 |a Homer, Alex  |e author  |9 475888 
700 0 |a McQueen, Craig  |e author  |9 475889 
700 0 |a Robinson, Simon  |e author  |9 475890 
700 0 |a Schenken, John  |e author  |9 475891 
700 0 |a Williams, Kevin  |e author  |9 475892 
245 1 0 |a ASP 3.0 programmer's reference 
300 |a 1297 p 
942 |c BK 
945 |d 20030425 00:00:00  |a vberengu 
260 |a Chicago  |b Wrox  |c 2000 
650 0 |a Páginas web  |9 386845 
650 0 |a Páginas web  |x Diseño  |9 436463 
650 7 |a ASP 3.0  |2 CL-VaPUC  |9 468227 
583 |a last modification  |c 20030425 00:00:00  |k Rodrigo Vera 
999 |c 303665  |d 303663 
952 |0 0  |1 0  |4 0  |6 004_600000000000000_AND_2000  |7 0  |8 A  |9 365131  |a BIBING  |b BIBING  |d 2019-11-21  |i 3899365  |o 004.6 AND 2000  |p 3899365  |r 2024-01-25  |w 2019-11-21  |y BK  |k ING